|
|
|
|
| LEADER |
00000nam0a2200000 4500 |
| 001 |
310432 |
| 005 |
20231102002303.0 |
| 035 |
|
|
|a (RuTPU)RU\TPU\book\335782
|
| 090 |
|
|
|a 310432
|
| 100 |
|
|
|a 20151125d1878 m y0rusy50 ca
|
| 101 |
0 |
|
|a rus
|
| 102 |
|
|
|a RU
|
| 105 |
|
|
|a a j 000zy
|
| 200 |
1 |
|
|a Лекции о паровых машинах, читанные в Технологическом Институте в 1877/78 учебном году Н. [И.] А. Вышнеградским
|f И. А. Вышнеградский
|g изд. П. Климов
|
| 205 |
|
|
|a Литограф. издание
|
| 210 |
|
|
|a Санкт-Петербург
|c Изд-во Технологического ин-та
|d 1878
|
| 215 |
|
|
|a 240 с.
|c черт., граф.
|
| 317 |
|
|
|5 63413507: 30//434
|a Поступил в НТБ в период с 1915 по 1925 гг. в дар от профессора И. И. Бобарыкова
|
| 606 |
1 |
|
|a Паровые машины
|2 stltpush
|3 (RuTPU)RU\TPU\subj\48239
|9 67116
|
| 610 |
1 |
|
|a паротехника
|
| 610 |
1 |
|
|a золотники
|
| 610 |
1 |
|
|a уравнения
|
| 610 |
1 |
|
|a лекции
|
| 610 |
1 |
|
|a Коллекция И. И. Бобарыкова
|
| 610 |
1 |
|
|a дары библиотеке
|
| 675 |
|
|
|a 621.1(075)
|v 4
|
| 700 |
|
1 |
|a Вышнеградский
|b И. А.
|c российский ученый-механик
|c государственный деятель
|f 1831/1832-1895
|g Иван Алексеевич
|2 stltpush
|3 (RuTPU)RU\TPU\pers\14548
|9 4840
|
| 702 |
|
1 |
|a Климов
|b П.
|4 650
|
| 801 |
|
1 |
|a RU
|b 63413507
|c 20151125
|
| 801 |
|
2 |
|a RU
|b 63413507
|c 20210414
|g RCR
|
| 942 |
|
|
|c BK
|